IFM Opac

Economic systems (Record no. 14347)

MARC details
000 -LEADER
fixed length control field 00374nam a22001577a 4500
082 ## - DEWEY DECIMAL CLASSIFICATION NUMBER
Classification number 330HAL
100 ## - MAIN ENTRY--PERSONAL NAME
Personal name Halm, George
245 ## - TITLE STATEMENT
Title Economic systems
250 ## - EDITION STATEMENT
Edition statement 3rd ed
260 ## - PUBLICATION, DISTRIBUTION, ETC.
Place of publication, distribution, etc. New Delhi
Name of publisher, distributor, etc. Oxford and IBH
Date of publication, distribution, etc. 1951
300 ## - PHYSICAL DESCRIPTION
Extent xi,420p
Other physical details ill,;25cm
500 ## - GENERAL NOTE
General note Include Bibliography and index
650 ## - SUBJECT ADDED ENTRY--TOPICAL TERM
Topical term or geographic name entry element Economic systems
700 ## - ADDED ENTRY--PERSONAL NAME
Personal name Halm, George
942 ## - ADDED ENTRY ELEMENTS (KOHA)
Koha item type Books
Holdings
Withdrawn status Lost status Damaged status Not for loan Home library Current library Shelving location Date acquired Total Checkouts Full call number Barcode Date last seen Price effective from Koha item type
Withdrawn       IFM Main Campus Library IFM Main Campus Library Archival Collection 12/17/2015   330HAL 0000015150 12/17/2015 02/19/2022 Books